[Event "Muret Seniors op 14th"]
[Site "Muret"]
[Date "2015.06.22"]
[Round "6"]
[White "Jean, Robert"]
[Black "Krauss, Michel"]
[Result "1/2-1/2"]
[WhiteElo "1778"]
[BlackElo "1960"]
[PlyCount "80"]
[EventDate "2015.06.22"]
[EventType "swiss"]
[EventRounds "7"]
[EventCountry "FRA"]
[SourceTitle "EXT 2016"]
[Source "ChessBase"]
[SourceDate "2015.10.08"]
[SourceVersion "1"]
[SourceVersionDate "2015.10.08"]
[SourceQuality "1"]

1. c4 c6 2. g3 d5 3. Nf3 Nf6 4. Bg2 e6 5. 0-0 Bd6 6. b3 Nbd7 7. Bb2 e5 8. cxd5 Nxd5 9. d3 0-0 10. Nbd2 Re8 11. Rc1 N5b6 12. Rc2 Nf6 13. Qa1 Qe7 14. Ng5 Bf5 15. Nge4 Bxe4 16. Nxe4 Nxe4 17. dxe4 a5 18. Qc1 a4 19. Qe3 axb3 20. axb3 Nd7 21. Rd1 Bc7 22. Bh3 Nf6 23. Rcd2 Qb4 24. Bg2 Bb6 25. Qd3 Qe7 26. Qc4 h5 27. h4 Red8 28. Rxd8+ Rxd8 29. Rxd8+ Qxd8 30. Qc2 Bd4 31. Bc1 Qa5 32. Bd2 Qa1+ 33. Qc1 Qxc1+ 34. Bxc1 Bc3 35. Bf3 Kf8 36. Bg5 Ng4 37. Bxg4 hxg4 38. f3 gxf3 39. exf3 f6 40. Be3 Bb4 1/2-1/2

[Event "Muret Seniors op 14th"]
[Site "Muret"]
[Date "2015.06.22"]
[Round "3"]
[White "Krauss, Michel"]
[Black "Peric, Slavisa"]
[Result "1-0"]
[WhiteElo "1960"]
[BlackElo "2190"]
[PlyCount "73"]
[EventDate "2015.06.22"]
[EventType "swiss"]
[EventRounds "7"]
[EventCountry "FRA"]
[SourceTitle "EXT 2016"]
[Source "ChessBase"]
[SourceDate "2015.10.08"]
[SourceVersion "1"]
[SourceVersionDate "2015.10.08"]
[SourceQuality "1"]

1. e4 e6 2. d4 d5 3. Nc3 Bb4 4. a3 Bxc3+ 5. bxc3 dxe4 6. Qg4 Nf6 7. Qxg7 Rg8 8. Qh6 Nbd7 9. Ne2 c5 10. g3 b6 11. Bg2 Bb7 12. 0-0 Qe7 13. a4 0-0-0 14. Bg5 Rg6 15. Bxf6 Nxf6 16. Qd2 e5 17. a5 exd4 18. cxd4 cxd4 19. axb6 axb6 20. Ra7 Qc5 21. Rfa1 Rg5 22. h4 Re5 23. Nf4 Kb8 24. Nd3 Qe7 25. Qf4 Rdd5 26. Nxe5 Qxe5 27. Qxe5+ Rxe5 28. R7a4 Rc5 29. Rxd4 Rxc2 30. Rb1 Kc7 31. Rdb4 Rc6 32. g4 Re6 33. g5 Nh5 34. Bh3 Re5 35. Rxb6 Bd5 36. R6b4 Nf4 37. Bf1 1-0

[Event "FRA-chT2 0910"]
[Site "France"]
[Date "2010.01.24"]
[Round "7.2"]
[White "Kahla, Souhaiel"]
[Black "Krauss, Michel"]
[Result "1-0"]
[WhiteElo "2098"]
[BlackElo "2129"]
[PlyCount "79"]
[EventDate "2009.09.27"]
[EventType "team-tourn"]
[EventRounds "11"]
[EventCountry "FRA"]
[SourceTitle "EXT 2011"]
[Source "ChessBase"]
[SourceDate "2010.11.26"]
[SourceVersion "1"]
[SourceVersionDate "2010.11.26"]
[SourceQuality "1"]

1. e4 e5 2. Nf3 Nc6 3. Bc4 Nf6 4. Ng5 d5 5. exd5 Nd4 6. c3 b5 7. cxd4 bxc4 8. dxe5 Qxd5 9. 0-0 Bb7 10. Qf3 Qxf3 11. Nxf3 Nd5 12. d4 cxd3 13. Bd2 Be7 14. Nc3 0-0 15. Nxd5 Bxd5 16. Rfc1 c5 17. b3 Rac8 18. Rc3 Be4 19. Rc4 Bd5 20. Rc3 Be4 21. Re1 Bf5 22. Rec1 Rcd8 23. Be3 Rd5 24. Bf4 Rfd8 25. Nd2 g5 26. Bg3 h5 27. h3 Bf8 28. h4 Be7 29. hxg5 Bxg5 30. f4 Be7 31. Bf2 Rc8 32. b4 Rb8 33. bxc5 Rb2 34. Nc4 Rxa2 35. Ne3 d2 36. Nxd5 dxc1Q+ 37. Rxc1 Bd8 38. c6 Bb6 39. Bxb6 axb6 40. Ne7+ 1-0

[Event "Angers op 1st"]
[Site "Angers"]
[Date "2006.05.08"]
[Round "6"]
[White "Krauss, Michel"]
[Black "Ippoliti, Giuliano"]
[Result "1-0"]
[WhiteElo "2083"]
[BlackElo "1790"]
[PlyCount "97"]
[EventDate "2006.05.06"]
[EventType "swiss"]
[EventRounds "6"]
[EventCountry "FRA"]
[SourceTitle "EXT 2007"]
[Source "ChessBase"]
[SourceDate "2006.11.23"]
[SourceVersion "1"]
[SourceVersionDate "2006.11.23"]
[SourceQuality "1"]

1. e4 c5 2. Nf3 e6 3. d4 cxd4 4. Nxd4 Bc5 5. Nb3 Bb6 6. Be2 Ne7 7. Nc3 a6 8. 0-0 0-0 9. Qd3 f5 10. Be3 Bc7 11. f4 fxe4 12. Nxe4 Nf5 13. Bd2 d5 14. Ng5 h6 15. Nf3 Nc6 16. Rae1 a5 17. c3 Bd7 18. Bd1 Qf6 19. Bc2 a4 20. Nc1 a3 21. b3 h5 22. Ne2 g6 23. Kh1 Rae8 24. Bc1 Bd6 25. Ng3 h4 26. Nxf5 gxf5 27. Re2 Re7 28. Rfe1 Rc8 29. Ne5 Nd8 30. c4 Bb4 31. Bd2 Bxd2 32. Rxd2 Bc6 33. Bd1 dxc4 34. bxc4 Ra8 35. Bf3 Qh6 36. Qe3 Bxf3 37. Qxf3 Nf7 38. Nxf7 Kxf7 39. Red1 Rc8 40. Rd4 Qf6 41. Qxa3 Rcc7 42. Qf3 Kg6 43. Qe2 b5 44. Rd6 Kf7 45. Qh5+ Kf8 46. cxb5 Rc2 47. b6 Rxa2 48. b7 Re8 49. Qxe8+ 1-0

[Event "Angers op 1st"]
[Site "Angers"]
[Date "2006.05.06"]
[Round "2"]
[White "Rabouan, Jean Francois"]
[Black "Krauss, Michel"]
[Result "0-1"]
[WhiteElo "2017"]
[BlackElo "2083"]
[PlyCount "52"]
[EventDate "2006.05.06"]
[EventType "swiss"]
[EventRounds "6"]
[EventCountry "FRA"]
[SourceTitle "CBM 112 Extra"]
[Source "ChessBase"]
[SourceDate "2006.07.14"]
[SourceVersion "1"]
[SourceVersionDate "2006.07.14"]
[SourceQuality "1"]

1. e4 e5 2. Nf3 Nc6 3. Bb5 Bc5 4. 0-0 Nd4 5. Bc4 d6 6. Nxd4 Bxd4 7. c3 Bb6 8. d4 c6 9. a4 Qh4 10. Nd2 Nf6 11. Nf3 Qh5 12. dxe5 dxe5 13. Qd6 Nxe4 14. Qxe5+ Qxe5 15. Nxe5 0-0 16. a5 Bc7 17. Re1 Bf5 18. Nf3 a6 19. Nd4 Bg6 20. f3 Nd6 21. Re7 Bd8 22. Rd7 Nxc4 23. Rxb7 Nxa5 24. Rd7 Bb6 25. Ra4 Nb3 26. Be3 Nc5 0-1

[Event "FRA-chT2 0304"]
[Site "France"]
[Date "2003.11.15"]
[Round "2"]
[White "Krauss, Michel"]
[Black "Garrido, Denis"]
[Result "0-1"]
[WhiteElo "2098"]
[BlackElo "2295"]
[PlyCount "106"]
[EventDate "2003.10.??"]
[EventType "team"]
[EventRounds "11"]
[EventCountry "FRA"]
[SourceTitle "EXT 2005"]
[Source "ChessBase"]
[SourceDate "2004.11.15"]
[SourceVersion "1"]
[SourceVersionDate "2004.11.15"]
[SourceQuality "1"]
[WhiteTeam "Avoine"]
[BlackTeam "Bordeaux Echecs I"]
[WhiteTeamCountry "FRA"]
[BlackTeamCountry "FRA"]

1. e4 c5 2. f4 a6 3. Nf3 d5 4. exd5 Nf6 5. d4 cxd4 6. Qxd4 Qxd5 7. Bc4 Qxd4 8. Nxd4 b5 9. Bd3 e6 10. Nd2 Bc5 11. N2b3 Bb6 12. a4 bxa4 13. Rxa4 0-0 14. Rf1 Nbd7 15. Bd2 Bb7 16. g3 e5 17. Nf5 Bg2 18. Rf2 Bxf2+ 19. Kxf2 Bh3 20. Rxa6 e4 21. Ne7+ Kh8 22. Rxa8 Rxa8 23. Bc4 Ng4+ 24. Ke2 Rf8 25. Nd5 Nxh2 26. Ne3 Nf6 27. Nc5 Nhg4 28. b4 Nxe3 29. Kxe3 Bg2 30. Be2 Nd5+ 31. Kf2 Bh1 32. c4 e3+ 33. Bxe3 Nxb4 34. Nd7 Rc8 35. Ne5 f6 36. Nf3 Nc2 37. Bb6 Ra8 38. c5 Nb4 39. Bc4 Ra3 40. Nd2 Nc6 41. g4 Nb8 42. Bc7 Nd7 43. Bd6 Rc3 44. g5 Bc6 45. Ke2 h5 46. gxh6 gxh6 47. Be7 Kg7 48. Bd6 h5 49. Kf2 h4 50. f5 Ne5 51. Be2 h3 52. Nf1 Kh6 53. Nh2 Kg5 0-1

[Event "FRA-chT2"]
[Site "France"]
[Date "2001.12.??"]
[Round "4"]
[White "Krauss, Michel"]
[Black "Beneteau, Hubert"]
[Result "1/2-1/2"]
[WhiteElo "2130"]
[BlackElo "2074"]
[PlyCount "108"]
[EventDate "2002.??.??"]
[EventType "team"]
[EventRounds "11"]
[EventCountry "FRA"]
[SourceTitle "EXT 2003"]
[Source "ChessBase"]
[SourceDate "2002.11.25"]
[SourceVersion "1"]
[SourceVersionDate "2002.11.25"]
[SourceQuality "1"]

1. e4 c5 2. f4 d5 3. exd5 Nf6 4. Bb5+ Bd7 5. Bxd7+ Qxd7 6. c4 e6 7. Qe2 Bd6 8. d3 0-0 9. dxe6 Qc7 10. Qf3 fxe6 11. Nc3 Nc6 12. Nge2 Rad8 13. Be3 Nb4 14. 0-0-0 Be7 15. Bf2 Rd7 16. a3 Nc6 17. Ne4 Nd4 18. Nxd4 cxd4 19. Ng5 Qa5 20. Qe2 e5 21. Be1 Qb6 22. fxe5 Nd5 23. cxd5 Bxg5+ 24. Bd2 Bxd2+ 25. Rxd2 Rxd5 26. Re1 Re8 27. Qh5 Qb5 28. Rf2 g6 29. Qf3 Rdxe5 30. Qf7+ Kh8 31. Qf6+ Kg8 32. Rxe5 Qxe5 33. Qxe5 Rxe5 34. Kd2 g5 35. Rf6 Rd5 36. Re6 Kf7 37. Re4 Kf6 38. g4 Rb5 39. Kc2 Re5 40. Rxd4 Re2+ 41. Kc3 Rxh2 42. Re4 h5 43. gxh5 Rxh5 44. d4 Kf5 45. Re7 g4 46. d5 Rh6 47. Kd4 g3 48. Re1 g2 49. Rg1 Rg6 50. b4 b6 51. Kc4 Ke5 52. a4 a6 53. a5 Rg4+ 54. Kb3 Kxd5 1/2-1/2